Business-to-business marketing/

Gespeichert in:
Bibliographische Detailangaben
1. Verfasser: BRENNAN, Ross
Format: Buch
Sprache:Englisch
Veröffentlicht: Sage Publication 2017.
Tags: Tag hinzufügen
Keine Tags, Fügen Sie den ersten Tag hinzu!

MARC

LEADER 00000nam a22000007a 4500
008 210819b ||||| |||| 00| 0 eng d
020 |a ISBN: 978-1-47397-344-2 
100 |a BRENNAN, Ross. 
245 |a Business-to-business marketing/  |c Ross Brennan, Louise Canning & Raymond McDowell.  |g . xvii, 391.; ill. 
250 |b  4th ed  |c Ross Brennan, Louise Canning & Raymond McDowell. 
260 |b Sage Publication  |c 2017.  |h Los Angeles:  |i 693203 – ADM.  |i 693203  |l HF5415.13 .B75  |m 1. Industrial marketing  |m 2. Industrial marketing – Case studies  |m 3. Marketing.   |m I. Canning, Louise  |m  II. McDowell, Raymond  |m III. Title. 
500 |a “It includes index and references” 
942 |a lcc  |c BK  |e j. o. ifatola  |f 19/ 08/ 2021 
952 |0 0  |1 0  |2 lcc  |4 0  |6 HF541513 B75  |7 0  |9 3141  |a MPL  |b HOL  |c GJ  |d 2021-08-19  |l 0  |o HF5415.13 .B75  |p 2021-66839  |r 2021-08-19 00:00:00  |w 2021-08-19  |y BK 
952 |0 0  |1 0  |2 lcc  |4 0  |6 HF541513 B75  |7 0  |9 3142  |a MPL  |b HOL  |c GJ  |d 2021-08-19  |l 0  |o HF5415.13 .B75  |p 2021-66840  |r 2021-08-19 00:00:00  |w 2021-08-19  |y BK 
999 |c 1589  |d 1589